000 01100nam a2200265 a 4500
001 26169
003 CO-ViMGA
005 20230915232149.0
008 141112s2004 ck r 000 u spa d
015 _ack - 2012 - xxxx
020 _a9789582421892
040 _aCO-ViMGA
_bspa
_cCO-ViMGA
082 0 4 _a107 S15p
100 1 _aSánchez León, María Cristina.
_940831
245 1 0 _aPensamiento Filosófico 1 /
_cMaría Cristina Sánchez León, Camilo Andrés Ordóñez Pinilla ; ilustradores Iván Norberto Herrera Cerero, Leonardo Ávila Tejero ; fotógrafo Tulio Pizano Arroyave.
250 _aEditora Nelsy Carolina Sepúlveda Jiménez.
260 _aBogotá :
_bEditorial Santillana,
_c2012.
300 _a256 p. : il. ; 29 cm.
500 _aTexto para la enseñanza de las áreas de formación en filosofía grado décimo de educación básica secundaria. Edición alumno.
504 _aIncluye bibliografía e índice.
650 1 4 _aFilosofía - Enseñanza secundaria.
_940832
700 1 _aOrdoñez Pinilla, Camilo Andrés.
_940833
942 _2ddc
_cBK
949 _ac n
999 _c10570
_d10570